00437nam a2200121Ia 45000010005000000080041000050820038000461000083000842450082001672600024002499010027002739990015003004178241024s9999 xx 000 0 und d aRD/330.97293/R426p/2013-2016/2016 aRepública Dominicana. Ministerio de Economía, Planificación y Desarrollo 0aPlan Nacional Plurianual del Sector Público 2013-2016. Actualización 2016 bSanto Domingoc2016 a18/8/2016 1:11:54 p.m. c9738d9738